Score 0/31 Timer 02:00
5 Plays Today
% Correct
Dine
97.4%
Fine
97.4%
Mine
97.3%
Lane
96.9%
Lone
96.5%
Pine
96.3%
Wine
96.1%
Tine
95.8%
Sine
95.1%
Nine
94.2%
Bine
94%
Lune
93.7%
Cine
93%
Vine
92.4%
Lime
91%
Zine
89.3%
% Correct
Lite
88.6%
Lice
87.5%
Life
87.4%
Kine
86.3%
Like
86%
Lire
85%
Live
82.4%
Lipe
81.3%
Lint
80.5%
Link
77.6%
Ling
74.1%
Lins
72.8%
Lino
72.4%
Linn
64.2%
Liny
61.8%

You're not logged in!

Compare scores with friends on all Sporcle quizzes.
OR
Log In

Sporcle TV

Today on Sporcle TV


Watch our educational content, quiz creation guides, and fun videos on Sporcle TV.

Show Comments

Extras

Top Quizzes Today


Score Distribution

Paid Content

Your Account Isn't Verified!

In order to create a playlist on Sporcle, you need to verify the email address you used during registration. Go to your Sporcle Settings to finish the process.

Report this User

Report this user for behavior that violates our Community Guidelines.

Details: